000 00510nam a2200145 i 4500
001 31398
003 ES-MaACL
005 20230906154354.0
007 t|
008 030129s1922 fr ||||1| fre d
100 1 _aBauer, Edmond.
_926545
245 1 3 _aLa théorie de Bohr, la constitution de la matière et la classification périodique des éléments
_b: conférence faite le 19 février 1921 /
_cEdmond Bauer.
260 _aParís :
_bLibrairie Scientifique J. Hermann,
_c1922.
852 _aES-MaACL
_j1631-F-1
999 _c31398
_d31398